| 000 | 00553nam a2200097Ia 4500 | ||
|---|---|---|---|
| 008 | 170517s9999 xx 000 0 und d | ||
| 245 | 3 | _aAn Inconvenient Tooth | |
| 300 | _aAn Inconvenient Tooth is a documentary film about the water fluoridation controversy which arises from moral, ethical, political, and safety concerns regarding the fluoridation of public water supplies. The controversy occurs mainly in English-speaking countries, as Continental Europe does... | ||
| 650 | _xTechnology. | ||
| 856 | _uhttp://topdocumentaryfilms.com/inconvenient-tooth/ | ||
| 999 |
_c335011 _d335011 |
||